000 00307nam a2200133Ia 4500
005 20251222155145.0
008 251222s9999||||xx |||||||||||||| ||spa||
082 _aMEQ.117
100 _aC.COLLINS,Robert.
245 0 _aNeurologĂ­a
250 _a1ra. ed.
264 _bMc Graw Hill-Interam.
942 _cLIB
999 _c39331
_d39331